000 00989nam a22003137a 4500
003 CHAP
005 20220329135051.0
008 971013s r 00010 d
010 _a30395
011 _a31367
035 _a35479
040 _cCHAP
082 _a591.980
_bM3
100 0 0 _aMann, Guillermo.
_970507
245 _aRecursos animales
_b: Sudamérica andina
260 _a(s.l. :
_bs.e.),
_c(s.a.)
300 _a117 p.
_b; gráfs. ; mapas
490 _aUNESCO/CASTALA/2.1.2
_v; VIII-2
590 _aBATCH-UPD
_b10
_c20130109
_lUCH01
_h2349
590 _aBATCH-UPD
_b10
_c20130110
_lUCH01
_h2232
590 _aBATCH-UPD
_b10
_c20130410
_lUCH01
_h1528
590 _aBATCH-UPD
_b10
_c20130914
_lUCH01
_h1744
590 _aCONVERSION
_b10
_c20130109
_lUCH01
_h1317
650 1 4 _aZoología
_xAmérica Latina.
_9124155
830 0 _aUNESCO/CASTALA/2.1.2
_v; VIII-2
_9116161
901 _aBK
942 _cLIBRO
949 _a591.980 M3
_bBC
_cLIBRO
_d33724000367363
_eLIBRO
_h35371
_i35479
_mD
_si
999 _c30395
_d30395